Statistics for Popular Movies by Poster

Click here to take the quiz!

General Stats

  • This quiz has been taken 2,203 times
  • The average score is 12 of 16

Answer Stats

Answer% Correct
Forrest Gump
97%
Lord of the Rings: The Fellowship of the Ring
93%
The Wolf of Wall Street
87%
Monsters, Inc.
86%
The Dark Knight
85%
Gladiator
83%
Alien
79%
Avengers: Endgame
78%
Saving Private Ryan
78%
Silence of the Lambs
77%
Inception
73%
Braveheart
69%
Scarface
69%
Logan
59%
Shawshank Redemption
59%
Star Wars Episode III: Revenge of the Sith
53%

Score Distribution

Percentile by Number Answered

Percent of People with Each Score

Your Score History

You have not taken this quiz